000
00329 a2200157 4500
001
151619
040
_c
Escola São Tomás de Aquino
100
_a
APPLEGATE, K.A
240
1
0
_a
A invasão
_l
por
245
1
0
_a
A invasão
300
_a
144
362
0
_a
2000
440
1
_a
Rocco
697
_a
*LITERATURA JUVENIL
942
_c
BK
999
_c
151619
_d
151619